[Event "4NCL Division 3 North"]
[Site "Wakefield, ENG"]
[Date "2017.03.18"]
[Round "7.46"]
[White "Edwards, Roger J"]
[Black "Flint, Martina"]
[Result "0-1"]
[WhiteElo "1657"]
[BlackElo "1839"]
[PlyCount "96"]
[EventDate "2017.03.18"]
[WhiteTeam "Cheddleton 2"]
[BlackTeam "Jorvik"]

1. e4 g6 2. d4 Bg7 3. Nc3 d6 4. Nf3 e6 5. Bd3 Ne7 6. O-O O-O 7. Bg5 h6 8. Bh4
c6 9. e5 d5 10. Ne2 Qe8 11. c3 Nd7 12. Qc2 c5 13. Bxe7 Qxe7 14. Nf4 g5 15. Nh5
c4 16. Be2 Bh8 17. h3 f5 18. exf6 Nxf6 19. Ne5 Qh7 20. Qg6+ Bg7 21. Nxf6+ Rxf6
22. Qxh7+ Kxh7 23. Ng4 Rf8 24. Ne3 Bd7 25. Bg4 Kg6 26. Nxd5 h5 27. Nc7 hxg4 28.
Nxa8 gxh3 29. Nc7 hxg2 30. Kxg2 Rc8 31. Nxe6 Bxe6 32. Rae1 Bd5+ 33. f3 g4 34.
Re7 gxf3+ 35. Kf2 Bf6 36. Rg1+ Kf5 37. Rh7 Re8 38. Rh5+ Kf4 39. Rg6 Re2+ 40.
Kf1 Be7 41. Rg7 Bc6 42. Rf7+ Kg4 43. Rfh7 Bg5 44. Rh2 Rxh2 45. Rxh2 Bh4 46. Rd2
Bd5 47. a3 Bg3 48. Rc2 Kf4 0-1

[Event "4NCL Division 3 North"]
[Site "Wakefield, ENG"]
[Date "2017.03.18"]
[Round "7.51"]
[White "Allis, Richard"]
[Black "Timson, Paul F"]
[Result "0-1"]
[WhiteElo "2061"]
[BlackElo "2065"]
[Annotator "Barnes,Lara"]
[PlyCount "78"]
[EventDate "2017.03.18"]
[WhiteTeam "Bradford DCA Knights B"]
[BlackTeam "Manchester Manticores 2"]

1. d4 Nf6 2. Nf3 e6 3. Bg5 Be7 4. Nbd2 d5 5. e3 O-O 6. Bd3 Nbd7 7. Ne5 c5 8. c3
h6 9. Bxf6 Bxf6 10. f4 Nxe5 11. dxe5 Bh4+ 12. g3 Be7 13. Qe2 b6 14. O-O Bb7 15.
Qh5 f5 16. exf6 Rxf6 17. Nf3 Qe8 18. Qh3 Bd6 19. Ne5 Bxe5 20. fxe5 Rxf1+ 21.
Rxf1 Qe7 22. Rf4 Rf8 23. Qh5 Rxf4 24. gxf4 Qf7 25. Bg6 Qe7 26. h4 d4 27. exd4
cxd4 28. Bd3 dxc3 29. Qg6 cxb2 30. Kf1 Qf7 31. Qxf7+ Kxf7 32. Ke1 Bf3 33. Kd2
Bh5 34. f5 exf5 35. Bc4+ Ke7 36. Kc2 Bf7 37. Bd3 Bxa2 38. Kxb2 Be6 39. Kc3 g5
0-1

[Event "4NCL Division 3 North"]
[Site "Wakefield, ENG"]
[Date "2017.03.18"]
[Round "7.52"]
[White "Mulleady, Peter J"]
[Black "Gardiner, Eric D"]
[Result "1/2-1/2"]
[WhiteElo "2080"]
[BlackElo "1941"]
[PlyCount "115"]
[EventDate "2017.03.18"]
[WhiteTeam "Manchester Manticores 2"]
[BlackTeam "Bradford DCA Knights B"]

1. d4 d6 2. Bf4 Nf6 3. Nf3 Nbd7 4. Nc3 Nh5 5. Bg5 h6 6. Bd2 e5 7. e4 Nhf6 8.
Bc4 Be7 9. h3 c6 10. a4 a5 11. Bb3 exd4 12. Nxd4 Nc5 13. Qe2 Nxb3 14. Nxb3 O-O
15. O-O Nd7 16. Rad1 Qc7 17. Rfe1 Nc5 18. Nxc5 dxc5 19. Qh5 Rd8 20. e5 Be6 21.
f4 Bf8 22. f5 Bd5 23. Qg4 Kh7 24. b3 Qe7 25. Bc1 c4 26. Ne4 cxb3 27. cxb3 Bxb3
28. Rxd8 Rxd8 29. Bxh6 Qb4 30. Qh4 gxh6 31. Re2 Qd4+ 32. Kh1 Be7 33. f6 Qxe5
34. fxe7 Rd1+ 35. Re1 Rxe1+ 36. Qxe1 Qxe7 37. Qb1 Kg8 38. Qxb3 Qxe4 39. Qxb7
Qe1+ 40. Kh2 Qe5+ 41. Kg1 Qd4+ 42. Kh2 Qxa4 43. Qb8+ Kg7 44. Qb2+ Kg6 45. Qe5
Qb5 46. Qe4+ Kg7 47. Qd4+ Kg6 48. Qe4+ Kg7 49. Qd4+ f6 50. Qg4+ Kf7 51. Qd7+
Kg6 52. Qg4+ Qg5 53. Qe4+ Qf5 54. Qe8+ Kg5 55. Qg8+ Kf4 56. Qc4+ Ke3 57. Qc1+
Kd4 58. Qxc6 1/2-1/2

[Event "4NCL Division 3 North"]
[Site "Wakefield, ENG"]
[Date "2017.03.18"]
[Round "7.53"]
[White "Bramson, Mike"]
[Black "Jarmany, David"]
[Result "0-1"]
[WhiteElo "1891"]
[BlackElo "2072"]
[PlyCount "96"]
[EventDate "2017.03.18"]
[WhiteTeam "Bradford DCA Knights B"]
[BlackTeam "Manchester Manticores 2"]

1. e4 c5 2. Nf3 Nc6 3. Nc3 g6 4. Bc4 Bg7 5. d3 e6 6. O-O Nge7 7. Re1 O-O 8. Bg5
a6 9. a4 Qc7 10. Qd2 Re8 11. Bh6 Nd4 12. Nxd4 cxd4 13. Ne2 e5 14. Ng3 d6 15.
Bxg7 Kxg7 16. Qg5 Ng8 17. f4 h6 18. Qh4 Be6 19. Bxe6 Rxe6 20. f5 Ree8 21. Rf1
Qe7 22. Qg4 Nf6 23. Qe2 Rec8 24. Rf2 Rc7 25. Raf1 g5 26. Nh5+ Kh7 27. Nxf6+
Qxf6 28. g4 Rac8 29. Rg2 Qe7 30. h4 Rxc2 31. Qxc2 Rxc2 32. Rxc2 gxh4 33. f6 Qd7
34. Rg2 Kg6 35. Rh2 Qxa4 36. Rxh4 Qc2 37. Rh3 Qxb2 38. Rf2 Qc1+ 39. Kg2 a5 40.
Rh1 Qc3 41. Rf3 a4 42. Kg3 a3 43. Kh4 a2 44. Rff1 Qxd3 45. Re1 b5 46. g5 hxg5+
47. Kg4 Qd2 48. Ref1 Qg2# 0-1

[Event "4NCL Division 3 North"]
[Site "Wakefield, ENG"]
[Date "2017.03.18"]
[Round "7.54"]
[White "Hamer, Martyn"]
[Black "Baxter, Harold"]
[Result "1-0"]
[WhiteElo "2050"]
[BlackElo "1877"]
[Annotator "Barnes,Lara"]
[PlyCount "111"]
[EventDate "2017.03.18"]
[WhiteTeam "Manchester Manticores 2"]
[BlackTeam "Bradford DCA Knights B"]

1. c4 Nf6 2. Nc3 d5 3. cxd5 Nxd5 4. g3 g6 5. Bg2 Nb6 6. Nf3 Bg7 7. O-O Nc6 8.
d3 O-O 9. Be3 e5 10. Rc1 Re8 11. Ne4 Nd5 12. Bg5 f6 13. Bd2 Kh8 14. a3 a5 15.
Re1 Qe7 16. Qa4 Nb6 17. Qc2 a4 18. Nc5 Rd8 19. Be3 Nd4 20. Nxd4 exd4 21. Bd2 c6
22. e4 Qf7 23. f4 Re8 24. Bb4 Be6 25. Nxe6 Qxe6 26. Bc5 Nd7 27. Bxd4 Rec8 28.
Be3 c5 29. Qf2 Qb3 30. Rc3 Qb5 31. Rec1 Bf8 32. Bh3 Rc7 33. d4 b6 34. Bxd7 Rxd7
35. dxc5 bxc5 36. Bxc5 Bxc5 37. Rxc5 Qd3 38. e5 fxe5 39. fxe5 Qf5 40. Qxf5 gxf5
41. e6 Re7 42. Rc8+ Rxc8 43. Rxc8+ Kg7 44. Ra8 Rb7 45. e7 Rxe7 46. Rxa4 Re2 47.
Rb4 Kf6 48. a4 Ke5 49. a5 Kd5 50. a6 Kc5 51. Rb7 Kc6 52. b4 Ra2 53. b5+ Kc5 54.
a7 h6 55. b6 Kc6 56. Rb8 1-0

[Event "4NCL Division 3 North"]
[Site "Wakefield, ENG"]
[Date "2017.03.18"]
[Round "7.55"]
[White "McCarthy, Damian"]
[Black "Webster, Richard J"]
[Result "1/2-1/2"]
[WhiteElo "1864"]
[BlackElo "2020"]
[Annotator "Barnes,Lara"]
[PlyCount "54"]
[EventDate "2017.03.18"]
[WhiteTeam "Bradford DCA Knights B"]
[BlackTeam "Manchester Manticores 2"]

1. e4 e6 2. d4 d5 3. Nc3 dxe4 4. Nxe4 Bd7 5. Nf3 Bc6 6. Ng3 Nd7 7. Bd3 Ngf6 8.
O-O Bxf3 9. Qxf3 c6 10. b3 Qa5 11. Bb2 Ba3 12. Bxa3 Qxa3 13. c4 Rd8 14. Rfd1
O-O 15. Qe2 Rfe8 16. Be4 Nxe4 17. Nxe4 f5 18. Nc3 Qd6 19. Rd3 Nf6 20. Rad1 Ng4
21. g3 Qc7 22. f3 Nf6 23. Kg2 e5 24. dxe5 Rxd3 25. Rxd3 Qxe5 26. Qxe5 Rxe5 27.
Kf2 Kf7 1/2-1/2

[Event "4NCL Division 3 North"]
[Site "Wakefield, ENG"]
[Date "2017.03.18"]
[Round "7.56"]
[White "Reed, John"]
[Black "Johnson, Paul A"]
[Result "0-1"]
[WhiteElo "2012"]
[BlackElo "1871"]
[PlyCount "62"]
[EventDate "2017.03.18"]
[WhiteTeam "Manchester Manticores 2"]
[BlackTeam "Bradford DCA Knights B"]

1. d4 d5 2. c4 c6 3. Nc3 Nf6 4. Bg5 Nbd7 5. e3 e6 6. cxd5 exd5 7. Bd3 Be7 8.
Nge2 O-O 9. Qc2 Re8 10. O-O Nf8 11. f3 Ng6 12. Rad1 Nd7 13. Bxe7 Qxe7 14. e4
dxe4 15. fxe4 Nf6 16. e5 Nd5 17. Nxd5 cxd5 18. Nc3 Be6 19. Qb3 Qg5 20. Bxg6
hxg6 21. Kh1 a6 22. Na4 Rac8 23. Qd3 Bf5 24. Qd2 Qh5 25. Nc3 Red8 26. Rc1 Rc6
27. Na4 Rdc8 28. Rxc6 Rxc6 29. Nc3 Be6 30. Rc1 g5 31. Ne2 Qxe2 0-1

[Event "4NCL Division 3 North"]
[Site "Wakefield, ENG"]
[Date "2017.03.18"]
[Round "7.61"]
[White "Willow, Jonah B"]
[Black "O'Gorman, Tom"]
[Result "0-1"]
[WhiteElo "2110"]
[BlackElo "2223"]
[PlyCount "56"]
[EventDate "2017.03.18"]
[WhiteTeam "Ashfield Breadsall 1"]
[BlackTeam "Enniscorthy"]

1. e4 c5 2. Nf3 d6 3. d4 cxd4 4. Nxd4 Nf6 5. f3 a6 6. c4 g6 7. Nc3 Bg7 8. Be3
Nc6 9. Be2 O-O 10. O-O Nxd4 11. Bxd4 Be6 12. f4 Rc8 13. b3 b5 14. cxb5 axb5 15.
Nxb5 Nxe4 16. Bxg7 Kxg7 17. Qd4+ Nf6 18. Na7 Rc2 19. Bf3 Qc7 20. Nb5 Qa5 21. a4
Bxb3 22. Ra3 Bc4 23. Rfa1 Bxb5 24. g4 e5 25. fxe5 dxe5 26. Qxe5 Re8 27. Qxb5
Qa7+ 28. Kh1 Qf2 0-1

[Event "4NCL Division 3 North"]
[Site "Wakefield, ENG"]
[Date "2017.03.18"]
[Round "7.62"]
[White "O'Neill, Paul Sean"]
[Black "Walker, Andrew N"]
[Result "0-1"]
[WhiteElo "1912"]
[BlackElo "2060"]
[PlyCount "134"]
[EventDate "2017.03.18"]
[WhiteTeam "Enniscorthy"]
[BlackTeam "Ashfield Breadsall 1"]

1. e4 e5 2. Nf3 Nc6 3. Bb5 Nf6 4. O-O Bc5 5. c3 O-O 6. d4 Bb6 7. Bg5 h6 8. Bxf6
Qxf6 9. Bxc6 Qxc6 10. Nxe5 Qxe4 11. Re1 Qf5 12. Nd2 d6 13. Nec4 Be6 14. a4 a6
15. Nxb6 cxb6 16. Ne4 Bd5 17. f3 Qd7 18. Qd2 Rfe8 19. Qf4 Re6 20. a5 Rae8 21.
axb6 Qc6 22. Rf1 Bc4 23. Rfd1 d5 24. Nc5 Re2 25. b3 Bb5 26. Rac1 Qxb6 27. c4
Qg6 28. Qg3 Qxg3 29. hxg3 Bc6 30. Nd3 Ra2 31. Re1 Rd8 32. c5 Rd2 33. Rcd1 Rxd1
34. Rxd1 Re8 35. Kf2 Kf8 36. Ne5 Re6 37. Nxc6 Rxc6 38. Re1 b6 39. b4 f6 40. Ra1
b5 41. Re1 Kf7 42. f4 Re6 43. Rc1 Ke8 44. c6 Kd8 45. c7+ Kc8 46. Rc5 Re4 47.
Rxd5 Kxc7 48. Kf3 Re1 49. Rc5+ Kd6 50. Rc8 Kd5 51. Rd8+ Kc4 52. d5 Kxb4 53. d6
a5 54. d7 Rd1 55. Ke4 a4 56. Kf5 Rd6 57. Kg6 a3 58. Kxg7 a2 59. Ra8 Rxd7+ 60.
Kxf6 Kb3 61. f5 Rd4 62. Ra5 Ra4 63. Rxb5+ Kc4 64. Rb7 a1=Q+ 65. Kf7 Ra6 66.
Rc7+ Kd5 67. Rd7+ Ke4 0-1

[Event "4NCL Division 3 North"]
[Site "Wakefield, ENG"]
[Date "2017.03.18"]
[Round "7.63"]
[White "Garnett, John S"]
[Black "Plaza Reino, Agustin"]
[Result "1/2-1/2"]
[WhiteElo "1977"]
[BlackElo "1839"]
[Annotator "Barnes,Lara"]
[PlyCount "48"]
[EventDate "2017.03.18"]
[WhiteTeam "Ashfield Breadsall 1"]
[BlackTeam "Enniscorthy"]

1. c4 e5 2. g3 Nf6 3. Bg2 d5 4. cxd5 Nxd5 5. Nf3 Nc6 6. O-O Be7 7. d4 exd4 8.
Nxd4 Nxd4 9. Qxd4 Nf6 10. Qa4+ c6 11. Nc3 O-O 12. Bf4 Be6 13. Rad1 Qb6 14. Qc2
h6 15. e4 Rad8 16. Be3 Qa5 17. f3 Nd7 18. a3 Bc5 19. Bxc5 Qxc5+ 20. Qf2 Bc4 21.
Rfe1 Qxf2+ 22. Kxf2 Ne5 23. Rxd8 Rxd8 24. Rd1 Rxd1 1/2-1/2

[Event "4NCL Division 3 North"]
[Site "Wakefield, ENG"]
[Date "2017.03.18"]
[Round "7.64"]
[White "Scott, Luke"]
[Black "Truman, Richard G"]
[Result "0-1"]
[WhiteElo "1774"]
[BlackElo "1952"]
[PlyCount "64"]
[EventDate "2017.03.18"]
[WhiteTeam "Enniscorthy"]
[BlackTeam "Ashfield Breadsall 1"]

1. Nf3 Nf6 2. c4 g6 3. d4 Bg7 4. Nc3 d5 5. cxd5 Nxd5 6. e4 Nxc3 7. bxc3 O-O 8.
Ba3 Nd7 9. Bc4 c5 10. O-O Qc7 11. Rc1 b6 12. Qb3 Bb7 13. e5 e6 14. Nd2 Bh6 15.
Rc2 Rfd8 16. Bc1 Rac8 17. f4 Qc6 18. Nf3 a6 19. a4 Bf8 20. f5 exf5 21. Nh4 cxd4
22. cxd4 Qe4 23. Qg3 Qg4 24. Nxf5 gxf5 25. Bxf7+ Kh8 26. Qxg4 fxg4 27. Rxc8
Rxc8 28. Be6 Rc2 29. d5 Bc5+ 30. Kh1 Nf8 31. Bf7 Kg7 32. Bg5 Bf2 0-1

[Event "4NCL Division 3 North"]
[Site "Wakefield, ENG"]
[Date "2017.03.18"]
[Round "7.65"]
[White "Ukken, Somton"]
[Black "Plaza Reino, Mercedes"]
[Result "0-1"]
[WhiteElo "1911"]
[BlackElo "1713"]
[PlyCount "96"]
[EventDate "2017.03.18"]
[WhiteTeam "Ashfield Breadsall 1"]
[BlackTeam "Enniscorthy"]

1. d4 d5 2. c4 e6 3. Nc3 Nf6 4. Bg5 Nbd7 5. Nf3 c6 6. e3 Be7 7. Qc2 O-O 8. Bd3
h6 9. Bf4 dxc4 10. Bxc4 b5 11. Bd3 Bb7 12. O-O a6 13. Rfd1 Rc8 14. Qe2 Qb6 15.
Rac1 c5 16. dxc5 Nxc5 17. Bb1 Rfd8 18. e4 b4 19. Rxd8+ Rxd8 20. Na4 Nxa4 21.
Bc7 Rc8 22. Bxb6 Rxc1+ 23. Ne1 Rxb1 24. Bd4 Nxe4 25. f3 Bf6 26. Bxf6 Nxf6 27.
Qc2 Rxe1+ 28. Kf2 Re5 29. Qxa4 a5 30. Qc2 Ba6 31. Qc6 Bb5 32. Qa8+ Be8 33. Qa6
Rd5 34. Ke3 g6 35. Qb6 Kg7 36. Qa7 Rb5 37. Qa8 Bd7 38. Qa7 a4 39. Kf2 Rd5 40.
Qe3 Rb5 41. Qd4 a3 42. g4 e5 43. Qd2 e4 44. h3 exf3 45. Kxf3 Bc6+ 46. Ke2 Re5+
47. Kf1 Bb5+ 48. Kg1 axb2 0-1

[Event "4NCL Division 3 North"]
[Site "Wakefield, ENG"]
[Date "2017.03.18"]
[Round "7.66"]
[White "Kildea, Robbie"]
[Black "Jarvis, Derek A"]
[Result "0-1"]
[WhiteElo "1688"]
[BlackElo "1935"]
[Annotator "Barnes,Lara"]
[PlyCount "72"]
[EventDate "2017.03.18"]
[WhiteTeam "Enniscorthy"]
[BlackTeam "Ashfield Breadsall 1"]

1. e4 e6 2. d4 d5 3. Nc3 Nf6 4. e5 Nfd7 5. f4 c5 6. Nf3 Nc6 7. Be3 a6 8. Qd2 b5
9. Be2 Qb6 10. Rd1 Bb7 11. Ng5 Nxd4 12. Bxd4 cxd4 13. Qxd4 Bc5 14. Qd3 Bf2+ 15.
Kf1 Nc5 16. Qh3 b4 17. Nb1 h6 18. f5 O-O 19. f6 hxg5 20. fxg7 Kxg7 21. Qf3 Ne4
22. Bd3 f6 23. Bxe4 fxe5 24. Qh5 Bh4+ 25. Ke2 Rf2+ 26. Kd3 dxe4+ 27. Kc4 Qb5+
28. Kb3 Bd5+ 29. Rxd5 Qxd5+ 30. Ka4 Qxa2+ 31. Na3 bxa3 32. b3 Qxc2 33. Rd1 Qc6+
34. Kxa3 Qc5+ 35. b4 Qc3+ 36. Ka4 Ra2# 0-1

[Event "4NCL Division 3 North"]
[Site "Wakefield, ENG"]
[Date "2017.03.18"]
[Round "7.71"]
[White "Trueman, Glenn"]
[Black "Combie, Alex B"]
[Result "1/2-1/2"]
[WhiteElo "1982"]
[BlackElo "1963"]
[PlyCount "49"]
[EventDate "2017.03.18"]
[WhiteTeam "Manchester Manticores 3"]
[BlackTeam "Ashfield Breadsall 2"]

1. Nf3 Nf6 2. c4 g6 3. b3 Bg7 4. Bb2 O-O 5. g3 d6 6. d4 Nbd7 7. Bg2 e5 8. dxe5
Ng4 9. Nc3 Ndxe5 10. Nxe5 Nxe5 11. O-O Nc6 12. Qd2 Bd7 13. Nd5 Be6 14. Bxg7
Kxg7 15. Qc3+ f6 16. Nf4 Bf7 17. Rfd1 Qe7 18. e3 g5 19. Nd5 Bxd5 20. Bxd5 Qe8
21. Rac1 Nd8 22. Bg2 Qe7 23. c5 dxc5 24. Bh3 Rf7 25. Qxc5 1/2-1/2

[Event "4NCL Division 3 North"]
[Site "Wakefield, ENG"]
[Date "2017.03.18"]
[Round "7.72"]
[White "Somton, Anita"]
[Black "Tyton, Adam"]
[Result "1/2-1/2"]
[WhiteElo "1952"]
[BlackElo "1945"]
[PlyCount "83"]
[EventDate "2017.03.18"]
[WhiteTeam "Ashfield Breadsall 2"]
[BlackTeam "Manchester Manticores 3"]

1. d4 Nf6 2. c4 e6 3. g3 Bb4+ 4. Bd2 Qe7 5. a3 Bxd2+ 6. Nxd2 d5 7. Bg2 O-O 8.
Ngf3 Nbd7 9. O-O b6 10. Qc2 c6 11. e4 dxe4 12. Nxe4 Nxe4 13. Qxe4 Bb7 14. Rfe1
Nf6 15. Qc2 Rfd8 16. Rad1 Qc7 17. Ne5 c5 18. Bxb7 Qxb7 19. dxc5 bxc5 20. Nd3
Qb6 21. Re5 Nd7 22. Re3 Rab8 23. b4 cxb4 24. axb4 Nf6 25. h3 h6 26. c5 Qc7 27.
Rb1 Nd5 28. Re4 Rb5 29. Rg4 Nf6 30. Rc4 Nd5 31. Qa4 Rdb8 32. Ra1 a6 33. Qxa6
Nxb4 34. Nxb4 Rxb4 35. Rxb4 Rxb4 36. Rc1 Rb8 37. c6 Rc8 38. Kg2 Kf8 39. Qb7 Ke7
40. Kf3 Kd8 41. Rd1+ Ke8 42. Rc1 1/2-1/2

[Event "4NCL Division 3 North"]
[Site "Wakefield, ENG"]
[Date "2017.03.18"]
[Round "7.73"]
[White "Altham, John T"]
[Black "Naylor, Michael A"]
[Result "0-1"]
[WhiteElo "1922"]
[BlackElo "1885"]
[PlyCount "78"]
[EventDate "2017.03.18"]
[WhiteTeam "Manchester Manticores 3"]
[BlackTeam "Ashfield Breadsall 2"]

1. e4 e5 2. Nf3 Nc6 3. Bb5 a6 4. Ba4 Nf6 5. O-O Be7 6. d3 b5 7. Bb3 O-O 8. h3
d6 9. c3 Na5 10. Bc2 c5 11. Nbd2 Re8 12. Re1 Qc7 13. Nf1 Bf8 14. Bg5 Nd7 15.
Ne3 Nb6 16. Qe2 Be6 17. g4 d5 18. Bh4 d4 19. Nf1 f6 20. Bg3 Qf7 21. Nh4 g6 22.
a3 Na4 23. cxd4 cxd4 24. Bxa4 bxa4 25. Rac1 Rec8 26. Ng2 g5 27. Red1 Bb3 28.
Re1 Rc7 29. Rxc7 Qxc7 30. f3 Rc8 31. Bf2 Qb6 32. Rb1 Rc2 33. Qe1 Qc7 34. Ng3
Ba2 35. Ra1 Nb3 36. Rd1 Rxb2 37. Nh5 Kf7 38. h4 h6 39. Bg3 Qc2 0-1

[Event "4NCL Division 3 North"]
[Site "Wakefield, ENG"]
[Date "2017.03.18"]
[Round "7.74"]
[White "Flynn, David"]
[Black "Hilton, Tim"]
[Result "1/2-1/2"]
[WhiteElo "1872"]
[BlackElo "1930"]
[Annotator "Barnes,Lara"]
[PlyCount "84"]
[EventDate "2017.03.18"]
[WhiteTeam "Ashfield Breadsall 2"]
[BlackTeam "Manchester Manticores 3"]

1. e4 e6 2. d4 d5 3. e5 c5 4. c3 Nc6 5. Nf3 Bd7 6. Be2 f6 7. O-O Qc7 8. Re1
O-O-O 9. Bf1 Be7 10. Bf4 f5 11. Bg5 h6 12. Bxe7 Ngxe7 13. Na3 a6 14. Nc2 g5 15.
b4 c4 16. a4 Nb8 17. a5 Ng6 18. Na3 g4 19. Nd2 Bb5 20. g3 h5 21. f4 h4 22. Bg2
Rdg8 23. Kf2 Qg7 24. Nf1 Rh6 25. Ke3 Qd7 26. Nxb5 Qxb5 27. Nd2 Nc6 28. Nb1 Na7
29. Na3 Qd7 30. Qc2 Ne7 31. Reb1 Nb5 32. Nxb5 Qxb5 33. Qa4 Qxa4 34. Rxa4 Nc6
35. b5 Nb8 36. Rab4 Rg7 37. bxa6 Nxa6 38. Rb6 Re7 39. Kf2 Rhh7 40. Ke3 Nb8 41.
Rd6 Na6 42. Rbb6 Nc7 1/2-1/2

[Event "4NCL Division 3 North"]
[Site "Wakefield, ENG"]
[Date "2017.03.18"]
[Round "7.75"]
[White "Toole, David"]
[Black "Taylor, Robert P"]
[Result "0-1"]
[WhiteElo "1952"]
[BlackElo "1884"]
[PlyCount "144"]
[EventDate "2017.03.18"]
[WhiteTeam "Manchester Manticores 3"]
[BlackTeam "Ashfield Breadsall 2"]

1. d4 d5 2. c4 e6 3. Nc3 c6 4. Nf3 Nf6 5. e3 Nbd7 6. Qc2 Bd6 7. Bd2 O-O 8. Bd3
Re8 9. e4 dxe4 10. Nxe4 Nxe4 11. Bxe4 Nf6 12. Bd3 c5 13. O-O-O Bd7 14. dxc5
Bxc5 15. Bc3 Ng4 16. Bxh7+ Kf8 17. h3 Nxf2 18. Rxd7 Qxd7 19. Ne5 Qe7 20. Rf1
Qg5+ 21. Kb1 Qxg2 22. Re1 Re7 23. b4 Bd6 24. Ng4 Bg3 25. Be4 Nxe4 26. Bxg7+
Kxg7 27. Qxg2 Nc3+ 28. Kc2 Bxe1 29. Ne5+ Kf8 30. Nf3 Nxa2 31. Nxe1 Nxb4+ 32.
Kb3 Nc6 33. Qg5 Nd4+ 34. Kc3 Nf5 35. Nd3 Rc7 36. h4 Rac8 37. Ne5 b5 38. Qf6 Nd6
39. Ng6+ Ke8 40. Qh8+ Kd7 41. Ne5+ Ke7 42. Qg7 Nxc4 43. Qxf7+ Kd6 44. Nxc4+
Rxc4+ 45. Kd3 Rxh4 46. Qxa7 Rh3+ 47. Kd2 Rc5 48. Qb8+ Kd5 49. Qa8+ Kd4 50. Qa1+
Rhc3 51. Qg1+ Kd5 52. Qg2+ Kd6 53. Qh2+ e5 54. Qh6+ Kd5 55. Qh1+ e4 56. Qh5+
Kd4 57. Qh8+ Re5 58. Qd8+ Rd5 59. Qb6+ Kc4+ 60. Ke2 Rd4 61. Qc6+ Kb4 62. Qe6
Rdc4 63. Qd6+ Kb3 64. Qd1+ Kb2 65. Qd5 b4 66. Qa5 b3 67. Qe5 Kc2 68. Qd5 Kb2
69. Qe5 Ka2 70. Qa5+ Kb1 71. Qd5 b2 72. Qd6 Rd3 0-1

[Event "4NCL Division 3 North"]
[Site "Wakefield, ENG"]
[Date "2017.03.18"]
[Round "7.76"]
[White "Hill, Maurice J"]
[Black "Potter, Steven"]
[Result "1/2-1/2"]
[WhiteElo "1825"]
[BlackElo "1922"]
[Annotator "Barnes,Lara"]
[PlyCount "78"]
[EventDate "2017.03.18"]
[WhiteTeam "Ashfield Breadsall 2"]
[BlackTeam "Manchester Manticores 3"]

1. g3 g6 2. Bg2 Bg7 3. c4 Nf6 4. Nc3 c6 5. e4 d6 6. Nge2 Nbd7 7. O-O O-O 8. d3
e5 9. Rb1 Nb6 10. h3 d5 11. exd5 cxd5 12. c5 Nbd7 13. b4 a6 14. Nxd5 Nxd5 15.
Bxd5 Nxc5 16. bxc5 Qxd5 17. Nc3 Qxc5 18. Ne4 Qd5 19. Kh2 Qxa2 20. Rb3 Qa4 21.
Nc5 Qc6 22. Be3 b5 23. Qe2 Be6 24. Ra3 b4 25. Ra4 e4 26. d4 Qd5 27. Rb1 Qc4 28.
Qxc4 Bxc4 29. Rbxb4 Bd3 30. Ra3 Rfd8 31. Nxd3 exd3 32. Rxd3 Rd5 33. Rdb3 h5 34.
Rb8+ Rxb8 35. Rxb8+ Kh7 36. Ra8 a5 37. Kg2 Bxd4 38. Bxd4 Rxd4 39. Rxa5 Kg7
1/2-1/2

[Event "4NCL Division 3 North"]
[Site "Wakefield, ENG"]
[Date "2017.03.18"]
[Round "7.81"]
[White "Tebelev, Michael"]
[Black "Jaques, Andrew"]
[Result "1-0"]
[WhiteElo "1900"]
[BlackElo "1952"]
[Annotator "Barnes,Lara"]
[PlyCount "73"]
[EventDate "2017.03.18"]
[WhiteTeam "3Cs 3"]
[BlackTeam "Manchester Manticores 4"]

1. d4 Nf6 2. c4 g6 3. Nc3 Bg7 4. e4 d6 5. Nf3 O-O 6. Be2 e5 7. d5 Na6 8. Nd2 c6
9. O-O cxd5 10. cxd5 Nc7 11. a4 Nfe8 12. Nc4 f5 13. f3 Rf7 14. Be3 f4 15. Bf2
Bf8 16. b4 Qg5 17. Re1 h5 18. Kh1 h4 19. Rf1 Rh7 20. b5 Nf6 21. b6 Nh5 22. h3
Ne8 23. bxa7 Ng3+ 24. Kh2 Nxe2 25. Nxe2 Bd7 26. Nb6 Qd8 27. Nxd7 Qxd7 28. Nc3
Be7 29. Qb3 Bd8 30. a5 g5 31. Qa4 Qe7 32. Rab1 Nf6 33. a6 b6 34. Bxb6 Bxb6 35.
Rxb6 Rxa7 36. Nb5 Rd7 37. Rb8+ 1-0

[Event "4NCL Division 3 North"]
[Site "Wakefield, ENG"]
[Date "2017.03.18"]
[Round "7.82"]
[White "Lyth, John D"]
[Black "Denisov, Seny D"]
[Result "1/2-1/2"]
[WhiteElo "1900"]
[BlackElo "1855"]
[PlyCount "162"]
[EventDate "2017.03.18"]
[WhiteTeam "Manchester Manticores 4"]
[BlackTeam "3Cs 3"]

1. d4 Nf6 2. Nf3 e6 3. g3 b6 4. Bg2 Bb7 5. O-O Be7 6. b3 O-O 7. Bb2 d5 8. Nbd2
c5 9. e3 Nbd7 10. Qe2 Rc8 11. Rac1 Nb8 12. Rfd1 Ba6 13. c4 cxd4 14. Nxd4 Nc6
15. Nxc6 Rxc6 16. Qf3 Rd6 17. cxd5 Rxd5 18. Nb1 Bd3 19. Nc3 Rd7 20. e4 Ba6 21.
e5 Ne8 22. Qc6 Rd2 23. Qa4 Nc7 24. Qf4 Bg5 25. Rxd2 Qxd2 26. Qxd2 Bxd2 27. Rd1
Bxc3 28. Bxc3 Nb5 29. Bb2 Rc8 30. Bf1 g6 31. a4 Nc3 32. Rd7 Ne2+ 33. Kg2 Rc2
34. Rd8+ Kg7 35. Ba3 Bb7+ 36. Kh3 Ng1+ 37. Kh4 Nf3+ 38. Kh3 Nxe5 39. Bd6 Nf3
40. Rd7 Ng1+ 41. Kh4 Nf3+ 42. Kh3 Be4 43. Bc4 Rxf2 44. g4 g5 45. Kg3 Rg2+ 46.
Kxg2 Ne5+ 47. Kf2 Nxd7 48. Ke3 Bd5 49. Bb5 Nf6 50. Bb8 Bxb3 51. Bxa7 Nd5+ 52.
Kd4 Kf6 53. Bc6 e5+ 54. Ke4 Nc3+ 55. Kd3 Bxa4 56. Bb7 Nb5 57. Bxb6 Nd6 58. Bf3
e4+ 59. Bxe4 Bc2+ 60. Kxc2 Nxe4 61. Kd3 Ke5 62. Bc7+ Kd5 63. Ke3 Nf6 64. Kf3
Ke6 65. Bd8 h6 66. Bc7 Nd5 67. Bg3 f5 68. gxf5+ Kxf5 69. h3 Nf4 70. h4 g4+ 71.
Kf2 h5 72. Ke3 Nd5+ 73. Kd3 Nf6 74. Ke3 Ne4 75. Be1 Nf6 76. Bg3 Nd5+ 77. Kd3
Nf6 78. Ke3 Ke6 79. Kd4 Nd7 80. Ke4 Nc5+ 81. Kd4 Nd7 1/2-1/2

[Event "4NCL Division 3 North"]
[Site "Wakefield, ENG"]
[Date "2017.03.18"]
[Round "7.83"]
[White "Ye, Kevin"]
[Black "Livesey, R Nigel"]
[Result "0-1"]
[WhiteElo "1735"]
[BlackElo "1870"]
[Annotator "Barnes,Lara"]
[PlyCount "66"]
[EventDate "2017.03.18"]
[WhiteTeam "3Cs 3"]
[BlackTeam "Manchester Manticores 4"]

1. e4 c6 2. d4 d5 3. exd5 cxd5 4. c4 Nf6 5. Nc3 e6 6. Nf3 Be7 7. Bd3 O-O 8. O-O
b6 9. cxd5 exd5 10. Ne5 Bb7 11. f4 Nc6 12. Bb5 Nxd4 13. Bd3 Rc8 14. Be3 Ne6 15.
Bf5 g6 16. Bh3 Bc5 17. Bxc5 Rxc5 18. f5 Ng5 19. Bg4 d4 20. Nd3 Ba6 21. Na4 Rc7
22. fxg6 hxg6 23. Be2 Nd5 24. Qd2 Ne3 25. Rfc1 Ne4 26. Qe1 Qg5 27. g3 Rfc8 28.
Rxc7 Rxc7 29. Nb4 Bb7 30. Ba6 Bxa6 31. Nxa6 Rc2 32. Kh1 Nf2+ 33. Kg1 Nh3+ 0-1

[Event "4NCL Division 3 North"]
[Site "Wakefield, ENG"]
[Date "2017.03.18"]
[Round "7.84"]
[White "Grindrod, John"]
[Black "Denisov, Denis"]
[Result "1/2-1/2"]
[WhiteElo "1862"]
[BlackElo "1757"]
[PlyCount "53"]
[EventDate "2017.03.18"]
[WhiteTeam "Manchester Manticores 4"]
[BlackTeam "3Cs 3"]

1. c4 c5 2. Nc3 Nc6 3. g3 g6 4. Bg2 Bg7 5. d3 Nf6 6. Nf3 O-O 7. O-O d6 8. Bd2
Rb8 9. Rb1 a6 10. Qc1 b5 11. cxb5 axb5 12. Ne1 Bd7 13. b3 b4 14. Na4 Nd4 15.
Qd1 Bg4 16. Nf3 Bxf3 17. exf3 Nd7 18. Re1 Ne5 19. Be3 Nec6 20. f4 Qc8 21. Bxd4
Bxd4 22. Bxc6 Qxc6 23. Rxe7 h5 24. Qe2 Bf6 25. Re3 Bd4 26. Re7 Bf6 27. Re3
1/2-1/2

[Event "4NCL Division 3 North"]
[Site "Wakefield, ENG"]
[Date "2017.03.18"]
[Round "7.85"]
[White "Abbas, Ahmed C"]
[Black "Lonsdale, Jon I"]
[Result "0-1"]
[WhiteElo "1622"]
[BlackElo "1817"]
[PlyCount "84"]
[EventDate "2017.03.18"]
[WhiteTeam "3Cs 3"]
[BlackTeam "Manchester Manticores 4"]

1. e4 c5 2. Nf3 Nc6 3. d3 g6 4. g3 Bg7 5. Bg2 d6 6. O-O Qb6 7. c3 e6 8. Nbd2
Nge7 9. Nc4 Qc7 10. Bf4 e5 11. Bc1 b5 12. Ne3 O-O 13. h4 b4 14. Nh2 bxc3 15.
bxc3 Rb8 16. Neg4 h5 17. Ne3 Ba6 18. g4 hxg4 19. Nexg4 Bc8 20. Bh6 f5 21. Bxg7
Kxg7 22. Ne3 f4 23. Neg4 Rh8 24. Rb1 Rxb1 25. Qxb1 Be6 26. f3 Rxh4 27. Qc2 Qa5
28. Ra1 Rh8 29. Nf1 Qd8 30. Nd2 Na5 31. Nb3 Nec6 32. Kf2 Qh4+ 33. Kg1 Bxg4 34.
Nxa5 Qh2+ 35. Kf1 Nxa5 36. fxg4 f3 37. Qf2 fxg2+ 38. Ke2 Rf8 39. Qg1 Qh3 40.
Qe3 Qxg4+ 41. Kd2 Qf3 42. Rg1 Qf2+ 0-1